00986nam a22003017a 450000100060000000300090000600500170001500700030003200800310003502000180006604000300008408200270011410000510014124500500019225000110024226400380025330000280029133600270031933700350034633800300038149000220041159000260043365000220045991000410048194200120052295201330053499900170066700703DO-SdBPM20260209095743.0ta160704b1994 sp 00| 0 spa d a9788434827646 aDO-SdBPMbspacBPMSUerda 4a863.6 bG633p 19942221 aGómez Cerdá, Alfredod1951-eautor 4aut. 10aPupila de águila /cAlfredo Gómez Cerdá a8a ed. aMadrid :bEdiciones S. M.,c1994. a188 páginas ;c21 cm. atextobtxt2rdacontent asin mediación bn2rdamedia  avolumen bnc2rdacarrier 0 aGran angular,v97 aInventariado, 2026/VM 7aNovela española aVMateo V. Control de calidad. BPMSU  2ddccBK 00102ddc708CGaBPMETbBPMETd2016-07-04eDonaciónl0oBPMSU CG 863.6 G633p 1994pBPMSU16070047r2016-07-04w2016-07-04yBK c10666d10666